000 00325nam a22001457a 4500
003 OSt
005 20220103142707.0
008 220103b |||||||| |||| 00| 0 eng d
020 _a9788120301405
040 _cHU
082 _22nd
_a001.424
100 _aGordon
_923667
245 _aSystem Simulation
942 _2ddc
_cBOOKS
_n0
999 _c25797
_d25797